<?xml version="1.0" encoding="UTF-8"?>
<record
    xmlns:xsi="http://www.w3.org/2001/XMLSchema-instance"
    xsi:schemaLocation="http://www.loc.gov/MARC21/slim http://www.loc.gov/standards/marcxml/schema/MARC21slim.xsd"
    xmlns="http://www.loc.gov/MARC21/slim">

  <leader>00188nam a2200085   4500</leader>
  <controlfield tag="001">1255797</controlfield>
  <controlfield tag="005">20251212133702.0</controlfield>
  <datafield tag="245" ind1=" " ind2=" ">
    <subfield code="a">KUTUP AYISI POTUK</subfield>
    <subfield code="c">NALAN AKTA&#x15E; S&#xD6;NMEZ</subfield>
  </datafield>
  <datafield tag="260" ind1=" " ind2=" ">
    <subfield code="b">T&#x130;MA&#x15E;</subfield>
  </datafield>
  <datafield tag="999" ind1=" " ind2=" ">
    <subfield code="c">1255797</subfield>
    <subfield code="d">1255797</subfield>
  </datafield>
</record>
